2009 WBC Japan Champion Squad - Statistics

General Stats
  • This quiz has been taken 16 times
  • The average score is 24 of 30
Answer Stats
# Pos. Player Team % Correct
51 OF Ichiro Suzuki Seattle Mariners
100%
1 OF Kosuke Fukudome Chicago Cubs
100%
8 2B Akinori Iwamura Tampa Bay Rays
93%
18 P Daisuke Matsuzaka Boston Red Sox
93%
6 SS Hiroyuki Nakajima Seibu Lions
93%
20 P Hisashi Iwakuma Rakuten Golden Eagles
93%
22 P Kyuji Fujikawa Hanshin Tigers
93%
52 SS Munenori Kawasaki SoftBank Hawks
93%
23 OF Norichika Aoki Yakult Swallows
93%
10 C Shinnosuke Abe Yomiuri Giants
93%
Mng Tatsunori Hara
93%
11 P Yu Darvish Nippon Ham Fighters
93%
41 OF Atsunori Inaba Nippon Ham Fighters
86%
16 P Hideaki Wakui Seibu Lions
86%
2 C Kenji Johjima Seattle Mariners
86%
15 P Masahiro Tanaka Rakuten Golden Eagles
86%
9 1B Michihiro Ogasawara Yomiuri Giants
86%
25 3B Shuichi Murata Yokohama BayStars
86%
5 1B Kenta Kurihara Hiroshima Carp
79%
31 P Shunsuke Watanabe Chiba Lotte Marines
79%
26 P Tetsuya Utsumi Yomiuri Giants
79%
35 OF Yoshiyuki Kamei Yomiuri Giants
79%
24 OF Seiichi Uchikawa Yokohama BayStars
71%
47 P Toshiya Sugiuchi SoftBank Hawks
71%
7 2B Yasuyuki Kataoka Seibu Lions
71%
39 P Tetsuya Yamaguchi Yomiuri Giants
64%
29 C Yoshiyuki Ishihara Hiroshima Carp
64%
28 P Satoshi Komatsu Orix Buffaloes
43%
19 P Minoru Iwata Hanshin Tigers
36%
14 P Takahiro Mahara SoftBank Hawks
36%
No matching quizzes found
Score Distribution
Percent of People with Each Score
Percentile by Number Answered
Your Score History
You have not taken this quiz